| 000 | 01576cam a2200325 a 4500 | ||
|---|---|---|---|
| 001 | 13407852 | ||
| 003 | OSt | ||
| 005 | 20170105102902.0 | ||
| 008 | 031118s2004 enkab b 001 0 eng | ||
| 010 | _a 2003025315 | ||
| 020 | _a041529665X (hardback) | ||
| 020 | _a0415296668 (pbk.) | ||
| 035 | _a(OCoLC)ocm53477125 | ||
| 040 |
_aDLC _cDLC _dYDX _dBAKER _dNLGGC _dDLC |
||
| 050 | 0 | 0 |
_aJZ5595 _b.H68 2004 |
| 082 | 0 | 0 |
_a355.033 _222 _bHOU 2004 |
| 084 |
_a89.70 _2bcl |
||
| 100 | 1 |
_aHough, Peter, _d1967- |
|
| 245 | 1 | 0 |
_aUnderstanding global security / _cPeter Hough. |
| 260 |
_aLondon ; _aNew York : _bRoutledge, _c2004. |
||
| 300 |
_axv, 271 p. : _bill., 1 map ; _c25 cm. |
||
| 504 | _aIncludes bibliographical references (p. 245-259) and index. | ||
| 505 | 0 | _aSecurity and securitization -- Military threats to security from states -- Military threats to security from non-state actors -- Economic threats to security -- Social identity as a threat to security -- Environmental threats to security -- Health threats to security -- Natural threats to security -- Accidental threats to security -- Criminal threats to security -- Towards global security. | |
| 650 | 0 | _aSecurity, International. | |
| 856 | 4 | 1 |
_3Table of contents only _uhttp://www.loc.gov/catdir/toc/ecip0411/2003025315.html |
| 856 | 4 | 2 |
_3Publisher description _uhttp://www.loc.gov/catdir/enhancements/fy0668/2003025315-d.html |
| 906 |
_a7 _bcbc _corignew _d1 _eecip _f20 _gy-gencatlg |
||
| 942 |
_2ddc _cBK |
||
| 999 |
_c14715 _d14715 |
||